| 000 | 00447cam a2200181ua 4500 | ||
|---|---|---|---|
| 020 | _c35.00 | ||
| 041 |
_aeng _h |
||
| 082 |
_a547.7 _bMOO/IN |
||
| 100 | _aMoore, W.R . | ||
| 245 |
_aIntroduction to polimar chemistry / _cW.R.Moore. _hTextual Documents |
||
| 250 |
_a1 / _b. |
||
| 260 |
_aLondon : _bUniversity press Ltd , _c1963. |
||
| 300 |
_a270 : _b` ; . |
||
| 365 | _a35.00 | ||
| 504 | _a | ||
| 942 | _cBK | ||
| 999 |
_c1781 _d1781 |
||